000 02187nam0a2200385 4500
001 RU\NLR\BIBL_A\012676239
005 20220414164029.0
010 _a978-5-7882-2699-6
_9100
021 _aRU
_bКН-П-21-059615
_9КН-П-21-4640
035 _a(NLR Aleph) 012676239
090 _a12800562
_c12800562
100 _a20211224d2019 k y0rusy50 ca
101 0 _arus
102 _aRU
105 _aa|||z|||000zy
181 0 _ai
_baxxe
182 0 _an
200 1 _aРазвитие человеческого капитала молодежи: региональный эффект глобализации
_eмонография
_fМ.В. Журавлева, Ю.Н. Зиятдинова, Л.Р. Ибрашева [и др.]
_gМинистерство науки и высшего образования Российской Федерации, Федеральное государственное бюджетное образовательное учреждение высшего образования "Казанский национальный исследовательский технологический университет"
203 _aТекст
_bвизуальный
_cнепосредственный
210 _aКазань
_cИзд-во КНИТУ
_d2019
215 _a274 с.
_cил., табл.
_d20
300 _aАвт. указаны на обороте тит. л.
320 _aБиблиогр.: с. 231-245 (204 назв.)
606 1 _aКапитал человеческий
_yБашкортостан, Республика
_2nlr_sh2
_3RU\NLR\AUTH\6601564640
686 1 _aУ24(2)05(2Р-6Б)
701 1 _aЖуравлева
_bМ. В.
_gМарина Васильевна
701 1 _aЗиятдинова
_bЮ. Н.
_gЮлия Надировна
_3RU\NLR\AUTH\7798939
701 1 _aИбрашева
_bЛ. Р.
712 0 2 _aКазанский национальный исследовательский технологический университет
_3RU\NLR\AUTH\8810198281
_4475
942 _cBOOK
980 _aNBR
980 _aNB